Научные труды. Т.6, Вып.7: К энтомофауне предгорий Саян (Запись № 3386780)

Подробности
000 -МАРКЕР
контрольное поле 01273nam2a22002651 4500
001 - ИДЕНТИФИКАТОР ЗАПИСИ
контрольное поле RU\NLR\INFOCOMM17\1000428538
005 - ИДЕНТИФИКАТОР ВЕРСИИ
контрольное поле 20260406083031.0
035 ## - ДРУГИЕ СИСТЕМНЫЕ НОМЕРА
Идентификатор записи (NLR Aleph) 002594244
100 ## - ДАННЫЕ ОБЩЕЙ ОБРАБОТКИ
Данные общей обработки 20040616d1926 |||y0rusy50 ca
101 0# - ЯЗЫК РЕСУРСА
Язык текста, звукозаписи и т.д. русский
102 ## - СТРАНА ПУБЛИКАЦИИ ИЛИ ПРОИЗВОДСТВА
Страна публикации Российская Федерация
105 ## - ПОЛЕ КОДИРОВАННЫХ ДАННЫХ: ТЕКСТОВЫЕ МАТЕРИАЛЫ, МОНОГРАФИЧЕСКИЕ
Кодированные данные о монографическом текстовом документе y |||||||||
200 1# - ЗАГЛАВИЕ И СВЕДЕНИЯ ОБ ОТВЕТСТВЕННОСТИ
Основное заглавие К энтомофауне предгорий Саян
Первые сведения об ответственности С.Д. Лавров
210 ## - ПУБЛИКАЦИЯ, РАСПРОСТРАНЕНИЕ И ДР.
Дата издания, распространения и т.д. 1926
Место издания, распространения и т.д. Б. м.
461 #0 - УРОВЕНЬ НАБОРА
Встроенное поле 001RU\NLR\INFOCOMM17\1000428526
-- 2001#$aНаучные труды$fМ-во с.х. СССР. Омский с.-х. ин-т им. С.М.Кирова$vТ.6, Вып.7
Системный номер (АБИС) связанной записи 3386710
Автор Омский сельскохозяйственный институт им. С.М.Кирова
Место публикации Омск
Дата публикации 1922-
Первые сведения об ответственности М-во с.х. СССР. Омский с.-х. ин-т им. С.М.Кирова
Имя издателя, распространителя и т.д. Зап.-Сиб. кн. изд-во, Омское отд-ние
Заглавие Научные труды
Номер тома Т.6, Вып.7
700 #1 - ИМЯ ЛИЦА - ПЕРВИЧНАЯ ОТВЕТСТВЕННОСТЬ
Код отношения Автор
Графика поля Кириллица
Материалы, к которым относится поле rus
Начальный элемент ввода Лавров
Часть имени, кроме начального элемента ввода С. Д.
Дополнения к именам, кроме дат энтомолог
Даты 1884-1951
Расширение инициалов личного имени Сергей Дмитриевич
Идентификатор авторитетной/нормативной записи RU\NLR\AUTH\770277775
Системный номер авторитетной/нормативной записи 2649742
801 #1 - ИСТОЧНИК ЗАПИСИ
Страна Российская Федерация
Организация InfoComm
Дата составления 20040616
801 #0 - ИСТОЧНИК ЗАПИСИ
Страна Российская Федерация
Организация NLR
Правила каталогизации PSBO
852 ## - МЕСТОНАХОЖДЕНИЕ И ШИФР ХРАНЕНИЯ
Идентификатор организации NLR
Шифр хранения (Call Number) 38.42.1.30
852 ## - МЕСТОНАХОЖДЕНИЕ И ШИФР ХРАНЕНИЯ
Идентификатор организации NLR
Наименование фонда или коллекции (Sub-Location Identifier) С10
Шифр хранения (Call Number) В-7/14
942 ## - ДОПОЛНИТЕЛЬНЫЕ ЭЛЕМЕНТЫ ЗАПИСИ (АБИС)
Тип экземпляра АБИС Выпуск
980 ## - КОЛЛЕКЦИЯ
Название коллекции Национальная библиография
980 ## - КОЛЛЕКЦИЯ
Название коллекции Русская периодика

Нет доступных экземпляров.